| 000 | 00000nam 22000008i 4500 |
| 001 | 9.917365 |
| 003 | CaOODSP |
| 005 | 20231025131148 |
| 006 | m o d f |
| 007 | cr cn||||||||| |
| 008 | 221116e202301##qucd ob f000 0 fre d |
| 020 | |a9780660462660 |
| 040 | |aCaOODSP|bfre|erda|cCaOODSP |
| 043 | |an-cn--- |
| 086 | 1 |aEn4-144/37-2023F-PDF |
| 245 | 00|aIndicateurs canadiens de durabilité de l'environnement : |btendances des populations d'espèces en péril. |
| 246 | 30|aTendances des populations d'espèces en péril |
| 264 | 1|aGatineau QC : |bEnvironnement et changement climatique Canada = Environment and Climate Change Canada, |cjanvier 2023. |
| 264 | 4|c©2023 |
| 300 | |a1 ressource en ligne (20 pages) : |bgraphiques en couleur |
| 336 | |atexte|btxt|2rdacontent/fre |
| 337 | |ainformatique|bc|2rdamedia/fre |
| 338 | |aressource en ligne|bcr|2rdacarrier/fre |
| 500 | |aPublié aussi en anglais sous le titre : Canadian environmental sustainability indicators: species at risk population trends. |
| 504 | |aComprend des références bibliographiques. |
| 650 | 6|aEspèces en voie de disparition|zCanada. |
| 650 | 6|aFaune|xRétablissement|zCanada. |
| 650 | 6|aFlore|xRétablissement|zCanada. |
| 650 | 6|aIndicateurs écologiques|zCanada. |
| 710 | 1 |aCanada. |bEnvironnement et changement climatique Canada, |eorganisme de publication. |
| 775 | 08|tCanadian environmental sustainability indicators : |w(CaOODSP)9.917364 |
| 794 | |tIndicateurs canadiens de durabilité de l'environnement : |w(CaOODSP)9.929444 |
| 795 | |tIndicateurs canadiens de durabilité de l'environnement : |w(CaOODSP)9.906994 |
| 856 | 40|qPDF|s804 Ko|uhttps://publications.gc.ca/collections/collection_2023/eccc/En4-144-37-2023-fra.pdf |
| 856 | 4 |qHTML|sS.O.|uhttps://www.canada.ca/fr/environnement-changement-climatique/services/indicateurs-environnementaux/tendances-populations-especes-peril.html |